عرض عادي عرض مارك

مدخل Personal Name

عدد التسجيلات المستخدمة في: 1

001 - CONTROL NUMBER

  • control field: 10517

003 - CONTROL NUMBER IDENTIFIER

  • control field: DLC

005 - DATE AND TIME OF LATEST TRANSACTION

  • control field: 20260112110414.0

008 - FIXED-LENGTH DATA ELEMENTS

  • fixed length control field: 960522n| acannaabn |b aaa c

010 ## - LIBRARY OF CONGRESS CONTROL NUMBER

  • LC control number: nr 96019327

035 ## - SYSTEM CONTROL NUMBER

  • System control number: (OCoLC)oca04088227

040 ## - CATALOGING SOURCE

  • Original cataloging agency: NjP
  • Language of cataloging: eng
  • Transcribing agency: NjP
  • Modifying agency: DLC
  • Modifying agency: NcD
  • Modifying agency: OCoLC

100 1# - HEADING--PERSONAL NAME

  • Personal name: Ḥarīrī, Rafīq Bahāʼ,
  • Dates associated with a name: 1944-2005

400 1# - SEE FROM TRACING--PERSONAL NAME

  • Personal name: Hariri, Rafic,
  • Dates associated with a name: 1944-2005

400 1# - SEE FROM TRACING--PERSONAL NAME

  • Personal name: Hariri, Rafik,
  • Dates associated with a name: 1944-2005

400 1# - SEE FROM TRACING--PERSONAL NAME

  • Personal name: حريري، رفيق بهاء

400 1# - SEE FROM TRACING--PERSONAL NAME

  • Personal name: حريري، رفيق بهاء،
  • Dates associated with a name: 1944-

400 1# - SEE FROM TRACING--PERSONAL NAME

  • Personal name: حريري، رفيق بهاء،
  • Dates associated with a name: 1944-2005

670 ## - SOURCE DATA FOUND

  • Source citation: Rafīq al-Ḥarīrī, 1993:
  • Information found: p. 17 (Rafīq Bahāʼ al-Ḥarīrī, b. in Ṣayḍā in 1944)

670 ## - SOURCE DATA FOUND

  • Source citation: Statesmanship in government, 1999:
  • Information found: t.p. (Rafic Hariri; prime minister of Lebanon)

670 ## - SOURCE DATA FOUND

  • Source citation: Wikipedia WWW site, May 16, 2005
  • Information found: (under Rafik Hariri: Rafik Bahaa Edine Hariri; b. Nov. 1, 1944, Sidon; d. Feb. 14, 2005, Beirut; Lebanese self-made billionaire and business tycoon; prime minister of Lebanon, 1992-1998, 2000-2004)

905 ## - cataloger

  • cataloger: Auth_BKS
Cairo University Libraries Portal Implemented & Customized by: Eng. M. Mohamady Contacts: new-lib@cl.cu.edu.eg | cnul@cl.cu.edu.eg
CUCL logo CNUL logo
© All rights reserved — Cairo University Libraries
CUCL logo
Implemented & Customized by: Eng. M. Mohamady Contact: new-lib@cl.cu.edu.eg © All rights reserved — New Central Library
CNUL logo
Implemented & Customized by: Eng. M. Mohamady Contact: cnul@cl.cu.edu.eg © All rights reserved — Cairo National University Library